Datum a čas kvízu
25.5
Celkem bodů
Celkový počet nahraných bodů na tomto kvízu bez doplňovacích otázek.
14.
Pořadí na kvízu
Konečné umístění týmu na tomto kvízu.
Zaznamenané odpovědi
| # | Otázka | Odpověď | Body | Výsledky |
|---|---|---|---|---|
| 1. | Předseda vlády Petr Fiala se p... | o klimatu | 0 | |
| 2. | Skupina filmařů minulý týden p... | raketoplánu Challenger | 1 | |
| 3. | V pondělí skončil na Primě jed... | Dobré zprávy | 1 | |
| 4. | V pondělí vzali zákazníci útok... | o vejce | 0 | |
| 5. | Minulý týden se opět činil maj... | Tomáš Zápotočný a Marek Nikl | 0.5 | |
| 6. | V první otázce věnované slavný... | Anča a Pepík | 0 | |
| 7. | Který hlodavec je obsažen v čí... | krysa | 1 | |
| 8. | Tento krysák, hlavní hrdina fi... | Remy | 0 | |
| 9. | Mentálně retardovaný muž Charl... | Růže pro Algernon | 0 | |
| 10. | Téma zakončíme v mytologii, a... | veverka | 0 |